000 00649nam a2200205 4500
001 147974
003 ES-MaACL
007 t|
008 070214s1974 sp r ||||1| spa d
100 1 _aSpiridonova, N. S.
_9107757
245 1 0 _aRasgos económicos del imperialismo /
_cN. S. Spiridonova, L. A. Cherkasova ; versión de Luis A. Vargas.
260 _aBarcelona :
_bGrijalbo,
_c1974.
300 _a159 p. ;
_c18 cm.
490 1 _aColección 70 ;
_v78
700 1 _aCherkasova, L. A.
_938367
700 1 _aVargas, Luis A.
_9113197
830 0 _aColección 70 ;
_v78
_9182684
852 _aES-MaACL
_jE-6728
_bR.90926
999 _c147974
_d147974